Topografía de la villa de Madrid / (Record no. 129529)

MARC details
000 -LEADER
campo de control de longitud fija 00468nam a2200157 i 4500
001 - NÚMERO DE CONTROL
campo de control 129529
003 - IDENTIFICADOR DE NÚMERO DE CONTROL
campo de control ES-MaACL
007 - CAMPO FIJO DE DESCRIPCIÓN FÍSICA--INFORMACIÓN GENERAL
campo de control de longitud fija t|
008 - DATOS DE LONGITUD FIJA--INFORMACIÓN GENERAL
campo de control de longitud fija 070625s1957 sp ||||1| spa d
100 1# - ENTRADA PRINCIPAL--NOMBRE DE PERSONA
Nombre de persona Texeira, Pedro de.
9 (RLIN) 109852
245 10 - MENCIÓN DEL TÍTULO
Título Topografía de la villa de Madrid /
Mención de responsabilidad, etc. descrita por Pedro de Texeira 1656.
260 ## - PUBLICACIÓN, DISTRIBUCIÓN, ETC.
Lugar de publicación, distribución, etc. Madrid :
Nombre del editor, distribuidor, etc. [Artes Gráficas Municipales],
Fecha de publicación, distribución, etc. 1957.
300 ## - DESCRIPCIÓN FÍSICA
Otras características físicas il. ;
Dimensiones 32 cm.
651 #4 - PUNTO DE ACCESO ADICIONAL DE MATERIA--NOMBRE GEOGRÁFICO
Nombre geográfico Madrid.
9 (RLIN) 8939
852 ## - LOCALIZACIÓN
Ubicación ES-MaACL
Número de control de estantería B-8092
Sublocalización o colección R.45127
Holdings
Estatus retirado Estado de pérdida Estado de daño No para préstamo Biblioteca de origen Biblioteca actual Ubicación en estantería Fecha de adquisición Fuente de adquisición Total de préstamos Signatura topográfica completa Código de barras Visto por última vez Precio de reemplazo Tipo de ítem Koha
        Biblioteca del Ateneo de Madrid Biblioteca del Ateneo de Madrid Sala Pardo Bazán 17/01/2008     B-8092 1134882 23/02/2023 23/02/2023 Libro impreso